[Event "FRA-chT 0102 U18"]
[Site "France"]
[Date "2001.11.25"]
[Round "2.9"]
[White "Laussac, Stephane"]
[Black "Tosello, Mickael"]
[Result "1/2-1/2"]
[WhiteElo "1330"]
[BlackElo "1700"]
[PlyCount "59"]
[EventDate "2001.10.??"]
[EventType "team"]
[EventRounds "11"]
[EventCountry "FRA"]
[SourceTitle "EXT 2003"]
[Source "ChessBase"]
[SourceDate "2002.11.25"]
[SourceVersion "1"]
[SourceVersionDate "2002.11.25"]
[SourceQuality "1"]
[WhiteTeam "Hyeres"]
[BlackTeam "Cannes"]
[WhiteTeamCountry "FRA"]
[BlackTeamCountry "FRA"]

1. e4 c5 2. Nf3 d6 3. Bb5+ Bd7 4. Bxd7+ Nxd7 5. c3 Ngf6 6. Qe2 e6 7. d4 cxd4 8. cxd4 Rc8 9. Nc3 Qa5 10. 0-0 Be7 11. Bd2 Qc7 12. Rfe1 Nb6 13. Qb5+ Nfd7 14. Rac1 Qc4 15. Qxc4 Rxc4 16. Nb5 0-0 17. Nxa7 Ra8 18. Nb5 Rxa2 19. Bc3 Na4 20. b3 Nxc3 21. Nxc3 Rxc3 22. Rxc3 Nb6 23. Rc7 Bd8 24. Rcc1 Kf8 25. Ra1 Rb2 26. Rab1 Rc2 27. Rbc1 Rb2 28. Rb1 Rc2 29. Rbc1 Rb2 30. Rb1 1/2-1/2